[Event "CHN-ch Gp-B (Women)"]
[Site "Liaocheng"]
[Date "2024.04.25"]
[Round "9"]
[White "Shao, Qiyu"]
[Black "Yang, Yijing"]
[Result "0-1"]
[WhiteElo "1764"]
[BlackElo "2040"]
[PlyCount "116"]
[EventDate "2024.04.21"]
[EventType "swiss"]
[EventRounds "11"]
[EventCountry "CHN"]
[SourceTitle "CB18_2024"]
[SourceDate "2024.05.01"]
[SourceVersion "1"]
[SourceVersionDate "2024.05.01"]
[SourceQuality "2"]

1. d4 Nf6 2. Nf3 c5 3. e3 d5 4. b3 cxd4 5. exd4 Nc6 6. Bb2 Bf5 7. Nh4 Be4 8. Nd2 e6 9. f3 Bg6 10. Bb5 Bd6 11. Qe2 Rc8 12. Nxg6 hxg6 13. 0-0-0 Qa5 14. a4 Ke7 15. Bxc6 Rxc6 16. Nf1 Rhc8 17. Ne3 Bf4 18. Rd3 Rxc2+ 19. Qxc2 Rxc2+ 20. Kxc2 Bxh2 21. Ba3+ Kd7 22. Rc3 Bg3 23. Kb2 Bf2 24. Nc2 Qd8 25. g4 Ne8 26. Rh2 Bg3 27. Rh3 Bc7 28. Rh8 Bb6 29. b4 Qf6 30. b5 Bxd4 31. Nxd4 Qxd4 32. Rf8 Qf6 33. Kc2 Qf4 34. Kb3 d4 35. Bc1 Qf6 36. Rd3 e5 37. Ba3 Qe6+ 38. Kb2 Qc4 39. Rb3 Nd6 40. b6 Qe2+ 41. Ka1 Qe1+ 42. Ka2 Qe2+ 43. Ka1 Qd1+ 44. Ka2 Qc2+ 45. Rb2 Qc4+ 46. Rb3 a6 47. Bxd6 Kxd6 48. Ka3 Qc1+ 49. Ka2 Ke6 50. Re8+ Kf6 51. Rd8 Qc6 52. Ka3 Ke7 53. Rh8 Qc1+ 54. Rb2 d3 55. Rhh2 f5 56. Rhd2 e4 57. g5 Qc3+ 58. Ka2 e3 0-1

[Event "CHN-ch Gp-B (Women)"]
[Site "Liaocheng"]
[Date "2024.04.23"]
[Round "5"]
[White "Shi, Yige"]
[Black "Yang, Yijing"]
[Result "0-1"]
[WhiteElo "1794"]
[BlackElo "2040"]
[PlyCount "54"]
[EventDate "2024.04.21"]
[EventType "swiss"]
[EventRounds "11"]
[EventCountry "CHN"]
[SourceTitle "CB18_2024"]
[SourceDate "2024.05.01"]
[SourceVersion "1"]
[SourceVersionDate "2024.05.01"]
[SourceQuality "2"]

1. d4 e6 2. c4 Bb4+ 3. Nc3 c5 4. dxc5 Bxc3+ 5. bxc3 Qa5 6. Qc2 Nf6 7. Be3 Nc6 8. Rb1 Ng4 9. Bf4 Qxc5 10. e3 a6 11. Nf3 0-0 12. Be2 f5 13. Qd2 e5 14. Qd5+ Qxd5 15. cxd5 exf4 16. dxc6 dxc6 17. exf4 Re8 18. Kf1 Ra7 19. Bc4+ Kf8 20. Ng5 Nf6 21. f3 b5 22. Bb3 h6 23. Nh3 Rd7 24. Nf2 a5 25. c4 Ba6 26. Bd1 bxc4 27. Rb6 c3+ 0-1

[Event "CHN-chT (Women)"]
[Site "Qingdao"]
[Date "2024.04.07"]
[Round "6.3"]
[White "Xue, Tianhao"]
[Black "Yang, Yijing"]
[Result "1-0"]
[WhiteElo "1789"]
[BlackElo "2040"]
[PlyCount "95"]
[EventDate "2024.04.02"]
[EventType "team-swiss"]
[EventRounds "9"]
[EventCountry "CHN"]
[SourceTitle "CB16_2024"]
[SourceDate "2024.04.17"]
[SourceVersion "1"]
[SourceVersionDate "2024.04.17"]
[SourceQuality "1"]
[WhiteTeam "Shanghai (W)"]
[BlackTeam "Hebei (W)"]
[WhiteTeamCountry "CHN"]
[BlackTeamCountry "CHN"]

1. e4 c5 2. Nf3 e6 3. d4 cxd4 4. Nxd4 a6 5. c4 Nf6 6. Nc3 Bb4 7. Bd3 Qc7 8. 0-0 Nc6 9. Nxc6 bxc6 10. Qe2 e5 11. Bg5 Be7 12. f4 h6 13. Bxf6 Bxf6 14. f5 Rb8 15. Kh1 0-0 16. Rab1 a5 17. a3 Qd6 18. Rfd1 Be7 19. Na4 Qd4 20. Bc2 Qa7 21. Qd2 Rd8 22. Qc3 d6 23. b4 axb4 24. axb4 Qf2 25. Rd2 Qh4 26. c5 d5 27. Rbd1 Ba6 28. Qxe5 Bg5 29. g3 Qg4 30. Rf2 Be3 31. Rg2 Qf3 32. h4 Bf1 33. Rxf1 Qxf1+ 34. Kh2 Rxb4 35. Qc3 Qc4 36. Qxe3 d4 37. Qa3 Qb5 38. f6 d3 39. Bd1 gxf6 40. Qc3 Rdd4 41. Nb6 Kg7 42. Rf2 d2 43. Qf3 Qxc5 44. Qxf6+ Kh7 45. Qxf7+ Kh8 46. Qe8+ Kg7 47. Rf7+ Kg6 48. Qg8# 1-0

[Event "CHN-chT (Women)"]
[Site "Qingdao"]
[Date "2024.04.04"]
[Round "3.2"]
[White "Liu, Manli"]
[Black "Yang, Yijing"]
[Result "0-1"]
[WhiteElo "2045"]
[BlackElo "2040"]
[PlyCount "106"]
[EventDate "2024.04.02"]
[EventType "team-swiss"]
[EventRounds "9"]
[EventCountry "CHN"]
[SourceTitle "CB16_2024"]
[SourceDate "2024.04.17"]
[SourceVersion "1"]
[SourceVersionDate "2024.04.17"]
[SourceQuality "1"]
[WhiteTeam "Guangdong (W)"]
[BlackTeam "Hebei (W)"]
[WhiteTeamCountry "CHN"]
[BlackTeamCountry "CHN"]

1. e4 c6 2. Nc3 d5 3. Nf3 Bg4 4. h3 Bxf3 5. Qxf3 e6 6. Be2 Bc5 7. 0-0 Ne7 8. Qg4 Ng6 9. exd5 cxd5 10. d4 h5 11. Bb5+ Nc6 12. Qd1 Bd6 13. Ne2 Qf6 14. c3 a6 15. Bd3 Nf4 16. Nxf4 Bxf4 17. Bxf4 Qxf4 18. Qc1 Qxc1 19. Raxc1 h4 20. f4 g6 21. Kf2 Kd7 22. a4 a5 23. Rc2 Kd6 24. Bb5 Ne7 25. b3 Rac8 26. Rfc1 b6 27. Kf3 Rc7 28. Bd3 Nc6 29. Kg4 Ke7 30. Bb5 f5+ 31. Kf3 Rhc8 32. Ke3 Nb4 33. Kd2 Nxc2 34. Rxc2 g5 35. fxg5 Rg8 36. Be2 Rxg5 37. Bf3 Kd6 38. Kd3 Rg8 39. Rc1 Rb8 40. Kd2 b5 41. axb5 Rxb5 42. Kc2 Rcb7 43. Ra1 Rb8 44. Ra3 Ke7 45. c4 dxc4 46. bxc4 Rb2+ 47. Kc1 R2b4 48. Be2 a4 49. Kd2 Rb2+ 50. Ke1 Ra8 51. Bf3 Ra7 52. Kd1 Rb4 53. Be2 Rb3 0-1

[Event "CHN-chT (Women)"]
[Site "Hangzhou"]
[Date "2023.05.26"]
[Round "8.2"]
[White "Kuang, Yinghui"]
[Black "Yang, Yijing"]
[Result "1/2-1/2"]
[WhiteElo "2191"]
[BlackElo "2066"]
[PlyCount "145"]
[EventDate "2023.05.19"]
[EventType "team-swiss"]
[EventRounds "9"]
[EventCountry "CHN"]
[SourceTitle "CBM 214 Extra"]
[Source "ChessBase"]
[SourceDate "2023.07.31"]
[SourceVersion "1"]
[SourceVersionDate "2023.07.31"]
[SourceQuality "1"]
[WhiteTeam "Shenzhen (W)"]
[BlackTeam "Hebei (W)"]
[WhiteTeamCountry "CHN"]
[BlackTeamCountry "CHN"]

1. f4 d5 2. Nf3 c5 3. b3 Nc6 4. Bb2 Nf6 5. e3 g6 6. Be2 Bg7 7. 0-0 0-0 8. Ne5 Qc7 9. Nxc6 Qxc6 10. Bf3 b5 11. Nc3 b4 12. Ne2 Bb7 13. Be5 a5 14. c4 Qa6 15. Rc1 Rfd8 16. d4 dxc4 17. bxc4 Bxf3 18. Rxf3 a4 19. f5 Nd7 20. Bxg7 Kxg7 21. Qc2 Rab8 22. fxg6 hxg6 23. Rcf1 Rf8 24. Nf4 b3 25. axb3 axb3 26. Qb2 Qa2 27. R3f2 Qxb2 28. Rxb2 e5 29. Ne2 Rb4 30. Nc1 Rfb8 31. Nd3 Rxc4 32. Nxc5 Nxc5 33. dxc5 Rxc5 34. Rfb1 Rc3 35. Kf2 e4 36. Ke2 Kf6 37. Rd1 Ke6 38. Rd4 f5 39. Rd1 Rh8 40. Rdb1 Rxh2 41. Kf2 Kf6 42. Kg1 Rh8 43. Rxb3 Rd3 44. Kf2 Rhd8 45. Rb6+ Kg5 46. R1b2 Rd1 47. Ra6 R1d2+ 48. Rxd2 Rxd2+ 49. Kf1 Kh5 50. Re6 g5 51. Re8 Kg4 52. Re5 Ra2 53. Rb5 Ra1+ 54. Kf2 Ra2+ 55. Kf1 Rc2 56. Re5 Rb2 57. Ra5 Rb1+ 58. Kf2 Rb2+ 59. Kf1 Rb4 60. Kf2 f4 61. exf4 Rb2+ 62. Kf1 Kxf4 63. Ra3 Rb1+ 64. Kf2 Rb2+ 65. Kf1 Rc2 66. g3+ Kg4 67. Re3 Ra2 68. Rxe4+ Kf3 69. Re1 Rb2 70. Ra1 Kxg3 71. Ra3+ Kh4 72. Kg1 g4 73. Rc3 1/2-1/2

[Event "CHN-chT (Women)"]
[Site "Hangzhou"]
[Date "2023.05.22"]
[Round "4.2"]
[White "Cai, Youyang"]
[Black "Yang, Yijing"]
[Result "0-1"]
[WhiteElo "2014"]
[BlackElo "2066"]
[PlyCount "60"]
[EventDate "2023.05.19"]
[EventType "team-swiss"]
[EventRounds "9"]
[EventCountry "CHN"]
[SourceTitle "CBM 214 Extra"]
[Source "ChessBase"]
[SourceDate "2023.07.31"]
[SourceVersion "1"]
[SourceVersionDate "2023.07.31"]
[SourceQuality "1"]
[WhiteTeam "Tianjin (W)"]
[BlackTeam "Hebei (W)"]
[WhiteTeamCountry "CHN"]
[BlackTeamCountry "CHN"]

1. e4 c6 2. d4 d5 3. Nc3 dxe4 4. Nxe4 Bf5 5. Ng3 Bg6 6. h4 h6 7. Nf3 Nd7 8. h5 Bh7 9. Bd3 Bxd3 10. Qxd3 e6 11. Bd2 Ngf6 12. 0-0-0 Be7 13. Kb1 Qb6 14. c4 0-0 15. Bf4 Rad8 16. Qc2 Rfe8 17. Ne5 Qc7 18. Rhe1 Bd6 19. Nxd7 Rxd7 20. Be5 Bxe5 21. dxe5 Rxd1+ 22. Qxd1 Rd8 23. Qe2 Nd7 24. Qe3 Qa5 25. a3 Nxe5 26. b4 Qa4 27. Qxe5 Rd3 28. Ne4 Qxa3 29. Kc2 Qb3+ 30. Kc1 Qxc4+ 0-1

[Event "CHN-chT (Women)"]
[Site "Hangzhou"]
[Date "2023.05.21"]
[Round "3.2"]
[White "Yang, Yijing"]
[Black "Long, Siyu"]
[Result "1-0"]
[WhiteElo "2066"]
[BlackElo "1724"]
[PlyCount "125"]
[EventDate "2023.05.19"]
[EventType "team-swiss"]
[EventRounds "9"]
[EventCountry "CHN"]
[SourceTitle "CBM 214 Extra"]
[Source "ChessBase"]
[SourceDate "2023.07.31"]
[SourceVersion "1"]
[SourceVersionDate "2023.07.31"]
[SourceQuality "1"]
[WhiteTeam "Hebei (W)"]
[BlackTeam "Hainan (W)"]
[WhiteTeamCountry "CHN"]
[BlackTeamCountry "CHN"]

1. Nf3 d5 2. d4 c6 3. c4 Nf6 4. Nc3 dxc4 5. a4 Bf5 6. Ne5 Nbd7 7. Nxc4 Nb6 8. Ne5 a5 9. f3 e6 10. g4 Nxg4 11. fxg4 Qh4+ 12. Kd2 Bxg4 13. Nxg4 Qxg4 14. e3 Qh4 15. Qe1 Qf6 16. Bd3 0-0-0 17. Kc2 Nd5 18. Nxd5 Rxd5 19. Rf1 Qe7 20. Bd2 Qc7 21. Bc4 Rh5 22. Qf2 Rf5 23. Qg3 Qd7 24. Rxf5 exf5 25. Qe5 f6 26. Qxa5 Kb8 27. Qb6 Bd6 28. h3 f4 29. exf4 Bc7 30. Qc5 b6 31. Qb4 Qxd4 32. Qc3 Qc5 33. Bd3 Qd5 34. Re1 f5 35. Qc4 Qxc4+ 36. Bxc4 Bd6 37. Bc3 Bxf4 38. Bxg7 Rd8 39. Be5+ Bxe5 40. Rxe5 Rd4 41. Bd3 Rxa4 42. Rxf5 Kc7 43. Rf7+ Kd6 44. Rxh7 Rf4 45. h4 c5 46. b3 Rf2+ 47. Kc3 Rf3 48. Rh6+ Kc7 49. Kc2 Rf2+ 50. Kd1 Rf3 51. Ke2 Rh3 52. h5 b5 53. Rh8 c4 54. bxc4 bxc4 55. Bxc4 Kd7 56. h6 Ke7 57. h7 Kf6 58. Bd3 Rh2+ 59. Ke3 Rh3+ 60. Kd4 Rh4+ 61. Kc3 Rh3 62. Rf8+ Kg7 63. Rg8+ 1-0

[Event "CHN-ch (Women)"]
[Site "Xinghua"]
[Date "2023.05.16"]
[Round "11"]
[White "Yang, Yijing"]
[Black "Xiao, Yiyi"]
[Result "0-1"]
[WhiteElo "2066"]
[BlackElo "2394"]
[PlyCount "106"]
[EventDate "2023.05.06"]
[EventType "tourn"]
[EventRounds "11"]
[EventCountry "CHN"]
[SourceTitle "CBM 215 Extra"]
[Source "ChessBase"]
[SourceDate "2023.09.30"]
[SourceVersion "1"]
[SourceVersionDate "2023.09.30"]
[SourceQuality "1"]

1. Nf3 Nf6 2. c4 b6 3. g3 Bb7 4. Bg2 g6 5. d4 Bg7 6. 0-0 0-0 7. d5 e6 8. Nc3 exd5 9. cxd5 Re8 10. Re1 Na6 11. e4 d6 12. Bf4 Nc5 13. Qc2 Nh5 14. Bg5 Qd7 15. Rad1 a5 16. Nd4 Nf6 17. Qd2 Ba6 18. Qf4 Nh5 19. Qf3 f5 20. Ne6 Nxe6 21. dxe6 Qxe6 22. Re3 Bb7 23. Qe2 Qf7 24. exf5 Rxe3 25. fxe3 Bxg2 26. Qxg2 Re8 27. fxg6 Qxg6 28. Qd5+ Kh8 29. Rf1 h6 30. Bf4 Nxf4 31. exf4 Qe6 32. Qxe6 Rxe6 33. f5 Bd4+ 34. Kg2 Re5 35. Rf4 Bxc3 36. bxc3 Kg7 37. Kf3 b5 38. g4 Rc5 39. Re4 Rxc3+ 40. Kf4 Rc2 41. h4 Rc4 42. Rxc4 bxc4 43. g5 hxg5+ 44. hxg5 c3 45. Ke3 d5 46. Kd3 d4 47. f6+ Kf7 48. a4 c5 49. Kc2 c4 50. Kd1 d3 51. Kc1 c2 52. Kd2 c3+ 53. Kc1 Kg6 0-1

[Event "CHN-ch (Women)"]
[Site "Xinghua"]
[Date "2023.05.11"]
[Round "6"]
[White "Yang, Yijing"]
[Black "Yuan, Ye"]
[Result "0-1"]
[WhiteElo "2066"]
[BlackElo "2171"]
[PlyCount "48"]
[EventDate "2023.05.06"]
[EventType "tourn"]
[EventRounds "11"]
[EventCountry "CHN"]
[SourceTitle "CBM 215 Extra"]
[Source "ChessBase"]
[SourceDate "2023.09.30"]
[SourceVersion "1"]
[SourceVersionDate "2023.09.30"]
[SourceQuality "1"]

1. d4 d5 2. c4 e6 3. Nc3 Bb4 4. cxd5 exd5 5. Bf4 c5 6. e3 c4 7. Bxb8 Bxc3+ 8. bxc3 Rxb8 9. e4 Qa5 10. Rc1 b5 11. Qh5 Ne7 12. Qe5 Rb6 13. exd5 Qa3 14. Ne2 0-0 15. h4 Rd8 16. d6 Nf5 17. Rh3 Rbxd6 18. g4 Re6 19. Qf4 Ne7 20. Rf3 f6 21. Qd2 Rxd4 22. cxd4 Qxf3 23. g5 Nd5 24. a4 Nf4 0-1

[Event "CHN-chT (Women)"]
[Site "Nanjing"]
[Date "2023.02.19"]
[Round "6.1"]
[White "Yang, Yijing"]
[Black "Bai, Xue"]
[Result "1/2-1/2"]
[WhiteElo "2026"]
[BlackElo "2102"]
[PlyCount "67"]
[EventDate "2023.02.14"]
[EventType "team-swiss"]
[EventRounds "9"]
[EventCountry "CHN"]
[SourceTitle "CBM 212 Extra"]
[Source "ChessBase"]
[SourceDate "2023.03.31"]
[SourceVersion "1"]
[SourceVersionDate "2023.03.31"]
[SourceQuality "1"]
[WhiteTeam "Hebei (W)"]
[BlackTeam "Zhejiang (W)"]
[WhiteTeamCountry "CHN"]
[BlackTeamCountry "CHN"]

1. Nf3 d5 2. g3 e6 3. Bg2 Nf6 4. c4 c5 5. d4 dxc4 6. 0-0 Nc6 7. dxc5 Qxd1 8. Rxd1 Bxc5 9. Nbd2 c3 10. bxc3 0-0 11. Nb3 Be7 12. c4 e5 13. Bb2 e4 14. Nfd2 Bf5 15. c5 Rfd8 16. Nc4 Rac8 17. Nd6 Bxd6 18. cxd6 b6 19. Rac1 Nb4 20. Rxc8 Bxc8 21. a3 Nbd5 22. Nd4 Bd7 23. Rc1 Kf8 24. e3 Ke8 25. Bf1 Rc8 26. Rxc8+ Bxc8 27. Bb5+ Bd7 28. Bc4 Bh3 29. Bb5+ Bd7 30. Ba6 Bh3 31. Bb5+ Bd7 32. Bc4 Bc8 33. Bb5+ Bd7 34. Ba6 1/2-1/2

[Event "CHN-chT (Women)"]
[Site "Nanjing"]
[Date "2023.02.18"]
[Round "5.2"]
[White "Yang, Yijing"]
[Black "Wang, Chuqiao"]
[Result "1/2-1/2"]
[WhiteElo "2026"]
[BlackElo "2083"]
[PlyCount "79"]
[EventDate "2023.02.14"]
[EventType "team-swiss"]
[EventRounds "9"]
[EventCountry "CHN"]
[SourceTitle "CBM 212 Extra"]
[Source "ChessBase"]
[SourceDate "2023.03.31"]
[SourceVersion "1"]
[SourceVersionDate "2023.03.31"]
[SourceQuality "1"]
[WhiteTeam "Hebei (W)"]
[BlackTeam "Chongqing (W)"]
[WhiteTeamCountry "CHN"]
[BlackTeamCountry "CHN"]

1. Nf3 Nf6 2. d4 d5 3. c4 e6 4. g3 Nbd7 5. Bg2 c6 6. Qc2 Bd6 7. 0-0 0-0 8. Nbd2 Re8 9. Rd1 Qe7 10. e4 dxe4 11. Nxe4 Nxe4 12. Qxe4 e5 13. Bg5 f6 14. Be3 exd4 15. Qxe7 Bxe7 16. Bxd4 Nf8 17. c5 Be6 18. b4 a5 19. a3 Red8 20. Be3 axb4 21. axb4 Rxd1+ 22. Rxd1 Ra4 23. Bd2 Bd5 24. Ne1 Bxg2 25. Nxg2 Ra6 26. Be3 Ra4 27. Bd2 Ra6 28. Rc1 Ne6 29. Nf4 Nc7 30. h4 b6 31. cxb6 Rxb6 32. Be3 Ra6 33. Bc5 Bxc5 34. bxc5 Kf7 35. Rb1 Nb5 36. Rd1 Ke7 37. Re1+ Kf7 38. Rd1 Ke7 39. Re1+ Kf7 40. Rd1 1/2-1/2

[Event "CHN-chT (Women)"]
[Site "Nanjing"]
[Date "2023.02.17"]
[Round "4.2"]
[White "Ni, Shiqun"]
[Black "Yang, Yijing"]
[Result "1-0"]
[WhiteElo "2354"]
[BlackElo "2026"]
[PlyCount "67"]
[EventDate "2023.02.14"]
[EventType "team-swiss"]
[EventRounds "9"]
[EventCountry "CHN"]
[SourceTitle "CBM 212 Extra"]
[Source "ChessBase"]
[SourceDate "2023.03.31"]
[SourceVersion "1"]
[SourceVersionDate "2023.03.31"]
[SourceQuality "1"]
[WhiteTeam "Shanghai (W)"]
[BlackTeam "Hebei (W)"]
[WhiteTeamCountry "CHN"]
[BlackTeamCountry "CHN"]

1. e4 e6 2. d4 d5 3. e5 c5 4. c3 Bd7 5. Nf3 Qb6 6. Be2 Bb5 7. Bxb5+ Qxb5 8. Na3 Qa6 9. dxc5 Bxc5 10. b4 Be7 11. Nd4 Nd7 12. f4 h5 13. Nab5 Rc8 14. a4 g6 15. a5 b6 16. Qd3 Kf8 17. Bb2 Qb7 18. axb6 Nxb6 19. Rxa7 Qb8 20. 0-0 Nc4 21. Bc1 Nh6 22. Bd2 Nf5 23. Rfa1 Bd8 24. R7a6 Bb6 25. Be1 Nxd4 26. Nxd4 Kg7 27. Bh4 Rhe8 28. Bf6+ Kh7 29. g4 Nb2 30. Qd2 Bxd4+ 31. cxd4 Nc4 32. Qe1 Qb5 33. Ra7 Rf8 34. gxh5 1-0

[Event "CHN-chT Div A KO"]
[Site "Liaocheng"]
[Date "2023.02.10"]
[Round "5.4"]
[White "Bai, Xue"]
[Black "Yang, Yijing"]
[Result "1-0"]
[WhiteElo "2102"]
[BlackElo "2026"]
[PlyCount "127"]
[EventDate "2023.02.06"]
[EventType "team-k.o."]
[EventRounds "6"]
[EventCountry "CHN"]
[SourceTitle "CBM 212 Extra"]
[Source "ChessBase"]
[SourceDate "2023.03.31"]
[SourceVersion "1"]
[SourceVersionDate "2023.03.31"]
[SourceQuality "1"]
[WhiteTeam "Zhejiang"]
[BlackTeam "Chongqing Jiulongpo"]
[WhiteTeamCountry "CHN"]
[BlackTeamCountry "CHN"]

1. e4 e6 2. d4 d5 3. Nc3 Nf6 4. e5 Nfd7 5. f4 c5 6. Nf3 Nc6 7. Be3 cxd4 8. Nxd4 Bc5 9. Qd2 0-0 10. 0-0-0 Nxd4 11. Bxd4 a6 12. h4 b5 13. Bxc5 Nxc5 14. Qd4 Qb6 15. a3 Rb8 16. b4 Nd7 17. h5 f6 18. exf6 Rxf6 19. g3 Rb7 20. Be2 Rc7 21. Kb2 Bb7 22. Rhe1 Qc6 23. Bd3 Nb6 24. Nb1 a5 25. Re5 Bc8 26. Rg5 Rff7 27. h6 Nc4+ 28. Bxc4 bxc4 29. Nc3 axb4 30. axb4 Qd6 31. b5 Ra7 32. Kc1 g6 33. Kd2 Qf8 34. Rh1 Rab7 35. b6 Qd8 36. Rb1 Qf8 37. Na4 Qxh6 38. Nc5 Rbe7 39. Qe5 Qg7 40. Qxg7+ Kxg7 41. Re5 Kf6 42. Ra1 h6 43. Ra8 Bb7 44. Rd8 g5 45. Rd6 gxf4 46. gxf4 Bc8 47. Rexd5 Kg7 48. Rd4 h5 49. Rxc4 h4 50. Rd3 e5 51. fxe5 Rxe5 52. Rd8 Be6 53. Nxe6+ Rxe6 54. Rg4+ Rg6 55. Rg8+ Kxg8 56. Rxg6+ Kf8 57. Rh6 Rb7 58. Ke3 Kg7 59. Rc6 h3 60. Kf2 Rb8 61. Kg3 Rh8 62. Kh2 Kf7 63. c4 Ke7 64. c5 1-0

[Event "CHN-chB (Women)"]
[Site "Qiziwan"]
[Date "2023.02.02"]
[Round "7"]
[White "Hu, Yu A"]
[Black "Yang, Yijing"]
[Result "0-1"]
[WhiteElo "2056"]
[BlackElo "2026"]
[PlyCount "86"]
[EventDate "2023.01.30"]
[EventType "swiss"]
[EventRounds "11"]
[EventCountry "CHN"]
[SourceTitle "CBM 212 Extra"]
[Source "ChessBase"]
[SourceDate "2023.03.31"]
[SourceVersion "1"]
[SourceVersionDate "2023.03.31"]
[SourceQuality "1"]

1. e4 e6 2. d4 d5 3. Nc3 Nf6 4. Bg5 dxe4 5. Nxe4 Nbd7 6. Nf3 h6 7. Nxf6+ Nxf6 8. Bh4 c5 9. Bd3 cxd4 10. 0-0 Be7 11. Nxd4 Nd5 12. Bxe7 Qxe7 13. Bb5+ Kf8 14. Re1 g6 15. Nf3 Qf6 16. c4 Nf4 17. Ne5 h5 18. Qd6+ Kg7 19. Qc7 a6 20. Ba4 Rf8 21. Re4 g5 22. Rd1 b5 23. Bc2 bxc4 24. Nxc4 Nd5 25. Qg3 Ne7 26. Re5 Nf5 27. Qf3 Ra7 28. Qxh5 Rc7 29. Re4 Rh8 30. Qe2 Bb7 31. Rg4 Nh6 32. Rgd4 Rhc8 33. Bb1 Bd5 34. Nb6 Rb8 35. Nxd5 exd5 36. b3 Re7 37. Qd2 Rbe8 38. Rf1 Re2 39. Qd3 Rxf2 40. Rxd5 Ng4 41. Rd1 Rxg2+ 42. Kxg2 Qf2+ 43. Kh3 Rh8+ 0-1

[Event "CHN-chB (Women)"]
[Site "Qiziwan"]
[Date "2023.02.01"]
[Round "5"]
[White "Yan, Tianqi"]
[Black "Yang, Yijing"]
[Result "1/2-1/2"]
[WhiteElo "2186"]
[BlackElo "2026"]
[PlyCount "111"]
[EventDate "2023.01.30"]
[EventType "swiss"]
[EventRounds "11"]
[EventCountry "CHN"]
[SourceTitle "CBM 212 Extra"]
[Source "ChessBase"]
[SourceDate "2023.03.31"]
[SourceVersion "1"]
[SourceVersionDate "2023.03.31"]
[SourceQuality "1"]

1. e4 e6 2. d4 d5 3. Nc3 Nf6 4. e5 Nfd7 5. f4 c5 6. Nf3 Nc6 7. Be3 cxd4 8. Nxd4 Bc5 9. Qd2 0-0 10. 0-0-0 Nxd4 11. Bxd4 a6 12. h4 b5 13. h5 b4 14. Ne2 Qc7 15. Bxc5 Qxc5 16. Nd4 a5 17. f5 Nxe5 18. h6 g6 19. fxe6 fxe6 20. Qg5 Nc6 21. Nxc6 Qxc6 22. Bd3 Qe8 23. Qe5 Ra7 24. Rh3 Rff7 25. Rdh1 Ba6 26. Bxa6 Rxa6 27. Rf3 Raa7 28. Re1 Rxf3 29. gxf3 Re7 30. f4 Qf7 31. Qd6 Re8 32. Re3 Rf8 33. Rxe6 Qxf4+ 34. Qxf4 Rxf4 35. Ra6 Rh4 36. Rxa5 Rxh6 37. Rxd5 Rh4 38. c3 bxc3 39. bxc3 h5 40. Kd1 Ra4 41. Rd2 h4 42. Ke1 g5 43. Rd5 Rg4 44. Rd3 Kf7 45. Kf2 Ra4 46. Rd2 Kg6 47. Rc2 Rc4 48. a4 Rxa4 49. c4 Ra6 50. c5 Rc6 51. Rc4 Kf5 52. Kf3 Kf6 53. Kg4 Kg6 54. Rc3 Kf6 55. Rc4 Ra6 56. Rb4 1/2-1/2

[Event "CHN-chB (Women)"]
[Site "Qiziwan"]
[Date "2023.01.31"]
[Round "3"]
[White "Zhai, Pinran"]
[Black "Yang, Yijing"]
[Result "0-1"]
[WhiteElo "1594"]
[BlackElo "2026"]
[PlyCount "80"]
[EventDate "2023.01.30"]
[EventType "swiss"]
[EventRounds "11"]
[EventCountry "CHN"]
[SourceTitle "CBM 212 Extra"]
[Source "ChessBase"]
[SourceDate "2023.03.31"]
[SourceVersion "1"]
[SourceVersionDate "2023.03.31"]
[SourceQuality "1"]

1. e4 c5 2. Nf3 Nc6 3. d4 cxd4 4. Nxd4 Nf6 5. Nc3 e5 6. Nb3 Bb4 7. Bg5 h6 8. Bxf6 Qxf6 9. a3 Bxc3+ 10. bxc3 Qg6 11. Qf3 0-0 12. Bd3 d6 13. 0-0 Ne7 14. Qg3 Qxg3 15. hxg3 Be6 16. Nd2 Rac8 17. c4 Nc6 18. Rfb1 Na5 19. f4 b6 20. Rb4 f6 21. Kf2 Rc7 22. a4 Rfc8 23. Ke3 Nxc4+ 24. Nxc4 Bxc4 25. Bxc4+ Rxc4 26. Rxc4 Rxc4 27. Ra2 Rc3+ 28. Kf2 h5 29. a5 bxa5 30. Rxa5 Rxc2+ 31. Kf3 Rc3+ 32. Kf2 Rc7 33. Ra6 Rd7 34. Kf3 Kf7 35. g4 hxg4+ 36. Kxg4 exf4 37. Kxf4 Ke6 38. g4 Rb7 39. Ra5 Rc7 40. Ra6 Rc3 0-1

[Event "CHN-chT Div-A"]
[Site "Fuling"]
[Date "2022.09.19"]
[Round "11.3"]
[White "Wang, Yu A"]
[Black "Yang, Yijing"]
[Result "1/2-1/2"]
[WhiteElo "2271"]
[BlackElo "2022"]
[PlyCount "54"]
[EventDate "2022.09.06"]
[EventType "team-tourn"]
[EventRounds "11"]
[EventCountry "CHN"]
[SourceTitle "CBM 210 Extra"]
[Source "ChessBase"]
[SourceDate "2022.11.30"]
[SourceVersion "1"]
[SourceVersionDate "2022.11.30"]
[SourceQuality "1"]
[WhiteTeam "Beijing"]
[BlackTeam "Chongqing Jiulongpo"]
[WhiteTeamCountry "CHN"]
[BlackTeamCountry "CHN"]

1. e4 e6 2. d4 d5 3. Nd2 c5 4. exd5 Qxd5 5. Ngf3 cxd4 6. Bc4 Qd7 7. Nb3 Nc6 8. Nbxd4 Nxd4 9. Qxd4 Qxd4 10. Nxd4 Bd7 11. Be3 Rc8 12. Bb3 Bc5 13. c3 Nf6 14. h3 e5 15. Nc2 Ke7 16. 0-0 Be6 17. Bxc5+ Rxc5 18. Bxe6 Kxe6 19. Rad1 Nd5 20. Rfe1 Kf6 21. Ne3 Nxe3 22. Rxe3 Re8 23. Rd7 Re7 24. Rd6+ Re6 25. Rd7 Re7 26. Rd6+ Re6 27. Rd7 Re7 1/2-1/2

[Event "CHN-chT Div-A Rapid"]
[Site "Fuling"]
[Date "2022.09.10"]
[Round "4.1"]
[White "Ni, Shiqun"]
[Black "Yang, Yijing"]
[Result "1/2-1/2"]
[WhiteElo "2371"]
[BlackElo "2022"]
[PlyCount "107"]
[EventDate "2022.09.06"]
[EventType "team-tourn (rapid)"]
[EventRounds "11"]
[EventCountry "CHN"]
[SourceTitle "CBM 210 Extra"]
[Source "ChessBase"]
[SourceDate "2022.11.30"]
[SourceVersion "1"]
[SourceVersionDate "2022.11.30"]
[SourceQuality "1"]
[WhiteTeam "Shanghai"]
[BlackTeam "Chongqing Jiulongpo"]
[WhiteTeamCountry "CHN"]
[BlackTeamCountry "CHN"]

1. e4 e6 2. d4 d5 3. exd5 exd5 4. Nf3 Bd6 5. c4 c6 6. Nc3 Ne7 7. Bd3 dxc4 8. Bxc4 0-0 9. 0-0 Bg4 10. Bg5 h6 11. Bh4 Qc7 12. Bg3 Bxg3 13. fxg3 Nd7 14. Qd2 Rad8 15. Qf2 Nb6 16. Bb3 Nbd5 17. Ne5 Be6 18. Ne4 b6 19. Rac1 f6 20. Nf3 Qd7 21. Rfe1 Rfe8 22. h3 Bf7 23. g4 Ng6 24. Ng3 Ngf4 25. Qd2 Rxe1+ 26. Rxe1 Re8 27. Nf5 Rxe1+ 28. Qxe1 Qe6 29. Kf1 Qxe1+ 30. Nxe1 Kf8 31. Kf2 Nb4 32. Bxf7 Kxf7 33. Kf3 Nfd3 34. Nxd3 Nxd3 35. Ke4 Nxb2 36. d5 cxd5+ 37. Kxd5 Nd3 38. Nd6+ Kg6 39. Nc8 Nb4+ 40. Kc4 Nxa2 41. Nxa7 Nc1 42. Nc8 Kg5 43. Nxb6 Kf4 44. Nd5+ Kg3 45. Ne3 Ne2 46. Nf5+ Kxg2 47. Nxg7 Kxh3 48. Nf5 Kxg4 49. Nxh6+ Kh5 50. Nf5 Kg5 51. Ne3 Ng3 52. Kd3 Nf5 53. Nd5 Ng3 54. Nxf6 1/2-1/2